| 000 | 01063cam a2200337 a 4500 | ||
|---|---|---|---|
| 999 |
_c5929 _d5929 |
||
| 001 | 3816488 | ||
| 003 | ALUPE UNIVERSITY | ||
| 005 | 20220915105411.0 | ||
| 008 | 031028s2002 enka 001 0 eng d | ||
| 020 | _a190232840X | ||
| 035 | _aocm53301014 | ||
| 040 |
_aIDO _beng _cALUPE UNIVERSITY _dOCLCQ _dAOAC |
||
| 050 | 4 |
_aQM25 _b.A85 2002 |
|
| 082 | 0 | 4 |
_a612 _bAtl |
| 090 |
_aQM 25 A85 2002 _bARDC |
||
| 090 |
_aQM 25 A85 2002 _bAEU |
||
| 245 | 0 | 0 | _aAtlas of human anatomy. |
| 246 | 1 | 4 | _aAtlas of anatomy |
| 260 |
_aCobham, Surrey : _bTaj Books, _cc2002. |
||
| 300 |
_a240 p. : _bcol. ill. ; _c26 cm. |
||
| 336 |
_atext _btxt _2rdacontent |
||
| 337 |
_aunmediated _bn _2rdamedia |
||
| 338 |
_avolume _bnc _2rdacarrier |
||
| 504 | _aIncludes index. | ||
| 583 | 1 |
_acommitted to retain _c20170930 _d20421231 _fHathiTrust _uhttps://www.hathitrust.org/shared_print_program _5AEU _zHathiTrust Shared Print commitment 2017 |
|
| 650 | 0 | _aAnatomy. | |
| 650 | 0 | _aHuman anatomy. | |
| 700 | 1 | _aIazzetti, Giovanni. | |
| 700 | 1 | _aRigutti, Enrico. | |
| 942 |
_2lcc _cREF _nMA |
||